000 00439nam a2200181Ia 4500
008 240510s9999 xx 000 0 und d
020 _a9789551822316
041 _asih
082 _a891.483
082 _bE44
100 _aELLIS, Deborah :Translator : JAYAKODY, Dileepa
245 0 _aDiri Dariya : The Bread Winner
260 _bColombo : Fast Publishing
260 _c2008
300 _a159 p.
942 _2ddc
942 _cLBK
999 _c28255
_d28255
945 _a1
_bMadushi Gamage
_c1
_dMadushi Gamage